[Event "SVK-ch U18/20"]
[Site "Tatralandia"]
[Date "2024.04.11"]
[Round "8"]
[White "Ondrejicka, Tomas"]
[Black "Sulik, Adrian"]
[Result "0-1"]
[WhiteElo "1530"]
[BlackElo "1000"]
[PlyCount "86"]
[EventDate "2024.04.05"]
[EventType "swiss"]
[EventRounds "9"]
[EventCountry "SVK"]
[SourceTitle "CB16_2024"]
[SourceDate "2024.04.17"]
[SourceVersion "1"]
[SourceVersionDate "2024.04.17"]
[SourceQuality "1"]

1. e4 e6 2. f4 d5 3. e5 c5 4. Nf3 Nc6 5. Bb5 Bd7 6. c3 Nh6 7. d4 Qb6 8. a4 a6 9. Bxc6 Bxc6 10. a5 Qd8 11. Nbd2 Nf5 12. Nb3 c4 13. Nbd2 Ne3 14. Qe2 Nc2+ 15. Kf2 Nxa1 16. Ng5 Be7 17. Qh5 Bxg5 18. fxg5 g6 19. Qh6 Qe7 20. Qg7 0-0-0 21. Nf3 Nb3 22. Bf4 Nxa5 23. Rb1 Nb3 24. Nd2 Nxd2 25. Bxd2 h5 26. gxh6 Rdg8 27. Qf6 Qxf6+ 28. exf6 g5 29. h4 gxh4 30. Rh1 Rg6 31. Rxh4 Rxf6+ 32. Kg1 Rh7 33. g4 Rg6 34. Kf2 b5 35. Kg3 a5 36. Rh1 b4 37. g5 bxc3 38. bxc3 a4 39. Kh4 f6 40. Kh5 Be8 41. Kg4 fxg5 42. Bxg5 a3 43. Kh5 Rgxh6+ 0-1

[Event "SVK-ch U18/20"]
[Site "Tatralandia"]
[Date "2024.04.07"]
[Round "4"]
[White "Duda, Daniel2"]
[Black "Ondrejicka, Tomas"]
[Result "1-0"]
[WhiteElo "1654"]
[BlackElo "1530"]
[PlyCount "101"]
[EventDate "2024.04.05"]
[EventType "swiss"]
[EventRounds "9"]
[EventCountry "SVK"]
[SourceTitle "CB16_2024"]
[SourceDate "2024.04.17"]
[SourceVersion "1"]
[SourceVersionDate "2024.04.17"]
[SourceQuality "1"]

1. b3 e5 2. Bb2 Nc6 3. e3 Nf6 4. Bb5 Bd6 5. Na3 a6 6. Bxc6 dxc6 7. Nc4 Qe7 8. d4 exd4 9. Qxd4 Bb4+ 10. c3 Bc5 11. Qd3 Be6 12. Ne2 Bd5 13. Nf4 0-0-0 14. Qf5+ Kb8 15. Nd2 Be4 16. Nxe4 Nxe4 17. 0-0 g6 18. Qh3 Ba3 19. Bxa3 Qxa3 20. Ne2 Qb2 21. Qf3 Nd2 22. Qg4 Nxf1 23. Rxf1 Rd2 24. Nd4 Qxc3 25. Qd7 f5 26. Qg7 Re8 27. a4 c5 28. Nc6+ bxc6 29. Qxc3 Red8 30. Qxc5 Kb7 31. g3 R8d5 32. Qb4+ Ka7 33. Rc1 Rd1+ 34. Rxd1 Rxd1+ 35. Kg2 Rd5 36. Qe7 Kb7 37. Qxh7 Rd3 38. Qf7 Rd6 39. h4 a5 40. h5 gxh5 41. Qxf5 Rd5 42. e4 Rxf5 43. exf5 Kc8 44. f3 Kd7 45. g4 hxg4 46. fxg4 Ke7 47. g5 Kf7 48. Kf3 Kg7 49. Ke4 Kf7 50. Kd4 Ke7 51. Kc5 1-0

[Event "SVK-ch U18/20"]
[Site "Tatralandia"]
[Date "2024.04.05"]
[Round "1"]
[White "Melih, Mario"]
[Black "Ondrejicka, Tomas"]
[Result "1-0"]
[WhiteElo "1990"]
[BlackElo "1530"]
[PlyCount "55"]
[EventDate "2024.04.05"]
[EventType "swiss"]
[EventRounds "9"]
[EventCountry "SVK"]
[SourceTitle "CB16_2024"]
[SourceDate "2024.04.17"]
[SourceVersion "1"]
[SourceVersionDate "2024.04.17"]
[SourceQuality "1"]

1. e4 e5 2. Nf3 Nf6 3. Nxe5 d6 4. Nf3 Nxe4 5. c4 Be7 6. d4 0-0 7. Bd3 Nf6 8. 0-0 Nbd7 9. Nc3 h6 10. h3 c5 11. d5 b6 12. Bf4 Ba6 13. Rc1 Nh5 14. Bh2 Bg5 15. Nxg5 Qxg5 16. Ne4 Qg6 17. Nxc5 Qg5 18. Nxa6 Nf4 19. Bxf4 Qxf4 20. Qg4 Qxg4 21. hxg4 Ne5 22. Be2 f5 23. gxf5 Rxf5 24. f4 Ng6 25. Nc7 Rc8 26. Bg4 Rxf4 27. Bxc8 Re4 28. Bf5 1-0